[Event "Leiden Chess Tournament"]
[Site "Leiden"]
[Date "2017.07.17"]
[Round "4"]
[White "Ikonnikov, Vyacheslav"]
[Black "Ypma, Peter"]
[Result "1/2-1/2"]
[WhiteElo "2538"]
[BlackElo "2283"]
[Annotator "TA"]
[PlyCount "144"]
[EventDate "2017.??.??"]
[EventCountry "NED"]
[SourceTitle "playchess.com"]
[Source "ChessBase"]
[SourceQuality "1"]

{[%evp 14,144,73,71,80,58,94,72,98,52,50,54,52,56,59,37,56,29,28,24,44,19,22,-25,-26,-44,-24,-38,-27,-40,0,0,2,0,120,2,2,2,2,2,2,2,15,18,14,15,16,16,14,0,0,0,0,-8,-8,-8,-8,-8,0,-164,0,-8,-8,-8,0,-4,0,-8,0,0,0,0,0,0,0,0,0,0,0,0,0,0,8,8,8,-8,-8,-8,-8,-8,-8,-8,-8,-8,-8,-8,-8,-8,-8,-8,-8,-8,-8,-8,0,-8,-8,-8,-8,-8,-8,-8,-8,-8,-8,-8,-8,-8,0,0,0,-8,-8,-8,0,-8,-8,-7,-8,-8,-8,-8,0]} 1. d4 d6 2. Nf3 Nd7 3. c4 Ngf6 4. Nc3 e5 5. e4 Be7 6. Be2 c6 7. O-O Qc7 8. Qc2 {LiveBook: 11 Games} h6 {A55: Old Indian Defence with Nf3 and e4} (8... Nf8 9. Rd1 Ng6 10. Rb1 a5 11. dxe5 dxe5 12. Na4 Nf4 13. Bxf4 exf4 14. e5 Nd7 15. Qe4 f6 16. e6 {1-0 (43) Polak,T (2535)-Schweda,R (2457) Austria 2010}) 9. b4 $146 ({Predecessor:} 9. h3 Nf8 10. Rd1 g5 11. dxe5 dxe5 12. Ne1 Ng6 13. Be3 Be6 14. a3 g4 15. h4 Nxh4 16. Na4 {½-½ (50) Matic,P (2227)-Todic,Z (2314) Belgrade 2005}) 9... g5 10. d5 Nf8 {White is better.} 11. dxc6 bxc6 12. b5 Ne6 13. bxc6 Qxc6 14. Be3 Nf4 15. Bxf4 gxf4 16. Rfd1 Kf8 17. Rac1 Rg8 18. c5 Qxc5 19. Qd3 {Black must now prevent Nd5.} Qa3 20. Nd2 Be6 21. Nc4 Bxc4 (21... Qb4 $5 {[%cal Rf4f3]} 22. a3 Qb3 $15) 22. Qxc4 Kg7 23. Nb5 Qc5 {[#]} (23... Qa5 $1 $11 {remains equal.}) 24. Nxd6 (24. Qb3 $1 $16 Qb6 25. Rc7) 24... Bxd6 $11 25. Qxc5 Bxc5 26. Rxc5 Nxe4 27. Rxe5 Nc3 {Strongly threatening ...Rge8.} 28. Re1 Rae8 29. Bh5 Rxe5 30. Rxe5 {[%mdl 4096] Endgame KRB-KRN} Rb8 {( -> ...Rb1+)} 31. h4 Rb5 32. Rxb5 Nxb5 {KB-KN} 33. Kf1 Nc3 34. a3 Kf6 35. Ke1 Ke6 36. Be2 $2 (36. Kd2 $11 {and White has nothing to worry.} Nb1+ 37. Kd3) 36... Kd5 $2 (36... Nxe2 $19 37. Kxe2 Kf5) 37. Bd3 {The position is equal.} Kd4 38. Kd2 Nd5 39. Bc2 Nc3 (39... f3 $5 40. gxf3 Nb6 $11) 40. Bh7 f6 41. Bg6 Nb5 (41... a5 $5 {[%cal Rc3b5]}) 42. a4 {[%cal Ba3a4,Ba4a5,Ba5a6][%mdl 32]} Nd6 43. Ke2 Nc4 44. Bf5 Ne5 45. a5 Kc5 46. a6 Kb6 47. Bc8 f3+ 48. gxf3 Nc4 49. f4 (49. Kd3 $5 {[%cal Rd3c4]} Nd6 50. Bd7 $11) 49... Nd6 50. Be6 Kxa6 51. Kf3 $1 {[%cal Rf3g4] And now Kg4 would win.} h5 52. Ke3 Kb5 53. Kd4 Kc6 54. Bd5+ Kd7 55. Bf3 Nf5+ 56. Ke4 Ng7 57. Kd5 a5 58. Bd1 Ke7 59. Kc5 Ne6+ 60. Kb5 Nxf4 61. Kxa5 Kf7 62. Kb4 Kg6 63. Kc3 Ng2 64. Kd4 Nxh4 65. Ke4 Ng2 66. Kf3 Nh4+ 67. Ke4 Kg5 68. f4+ Kg6 69. Be2 f5+ 70. Ke5 Ng2 {[#] aiming for ...h4.} 71. Bxh5+ $1 {[%mdl 512]} Kxh5 72. Kxf5 Nxf4 {Precision: White = 58%, Black = 65%.} 1/2-1/2

[Event "Leiden Chess Tournament"]
[Site "Leiden"]
[Date "2017.07.17"]
[Round "4"]
[White "Nijboer, Friso"]
[Black "Van Delft, Merijn"]
[Result "0-1"]
[WhiteElo "2528"]
[BlackElo "2384"]
[Annotator "TA"]
[PlyCount "83"]
[EventDate "2017.??.??"]
[EventCountry "NED"]
[SourceTitle "playchess.com"]
[Source "ChessBase"]
[SourceQuality "1"]

{[%evp 27,83,7,15,0,8,0,0,0,13,0,0,0,0,0,0,0,0,0,0,-8,-4,-62,-20,-65,-65,-65,-65,-68,-62,-69,-63,-65,-58,-48,-41,-87,-86,-118,-104,-139,-109,-155,-168,-234,-231,-175,-79,-71,-91,-87,-97,-418,-420,-388,-384,-539,-537,-551]} 1. e4 c5 2. Nf3 d6 3. d4 cxd4 4. Nxd4 Nf6 5. Nc3 a6 6. Be2 e5 7. Nb3 Be7 8. O-O O-O 9. Be3 Be6 10. Qd3 Nbd7 11. Nd5 Bxd5 12. exd5 Rc8 13. c4 Ne8 {B92: Sicilian Najdorf: 6 Be2} 14. Qd2 f5 {LiveBook: 6 Games. White must now prevent ...f4.} (14... b6 15. Rac1 a5 16. Na1 g6 17. b4 Ng7 18. bxa5 bxa5 19. Bd3 Nc5 20. Bc2 a4 21. Rb1 {0-1 (66) Carlsen,M (2853)-Grischuk,A (2771) Saint Louis 2015}) 15. g3 b6 {[#] The position is equal.} 16. Rac1 $146 ({Predecessor:} 16. Kh1 g6 17. Rae1 Ng7 18. Na1 Nc5 19. f3 a5 20. Nc2 Nh5 21. Bh6 {½-½ (49) Hjartarson,J (2545)-Yilmaz,M (2616) Baku 2016}) 16... a5 17. f3 Nc5 18. f4 Nxb3 19. axb3 exf4 20. Rxf4 Bg5 21. Rf2 Bxe3 22. Qxe3 g6 23. g4 Ng7 24. Rc3 (24. Rcf1 $11) 24... Qc7 25. Qh6 {And now Rh3 would win.} fxg4 26. Bxg4 Qc5 $36 {[%mdl 2048] Black is more active.} 27. Qe3 Rce8 28. Rxf8+ Kxf8 29. Qf2+ Qxf2+ 30. Kxf2 $15 {[%mdl 4096] Endgame KRB-KRN} Re4 31. Be2 Nf5 32. Rf3 {[#]} Rh4 $1 33. h3 Kg7 34. Bf1 Kf6 35. b4 (35. Bd3 $142) 35... axb4 $19 36. Rb3 Ke5 (36... Rf4+ $19 37. Kg1 Nd4 38. Rxb4 {[#]} b5 $1 {[%mdl 512]}) 37. Rxb4 $17 Rf4+ 38. Kg1 Ng3 39. Bg2 $2 {[%mdl 8192]} (39. Bd3 $17) 39... Ne2+ $19 40. Kh1 Rf2 41. Rxb6 (41. Rb3 {is a better defense.} Nf4 42. Bf3) 41... Nf4 42. c5 {Precision: White = 27%, Black = 63%.} 0-1

[Event "Leiden Chess Tournament"]
[Site "Leiden"]
[Date "2017.07.17"]
[Round "4"]
[White "Gavrilov, Alexei"]
[Black "Perske, Thore"]
[Result "1/2-1/2"]
[WhiteElo "2491"]
[BlackElo "2413"]
[Annotator "TA"]
[PlyCount "74"]
[EventDate "2017.??.??"]
[EventCountry "NED"]
[SourceTitle "playchess.com"]
[Source "ChessBase"]
[SourceQuality "1"]

{[%evp 18,74,47,52,83,60,61,56,50,50,58,67,58,53,63,62,66,72,70,53,84,80,94,67,65,70,76,72,83,85,72,82,86,85,121,86,136,148,144,147,153,137,150,139,133,55,44,27,72,62,137,134,114,86,79,-20,-25,-30,-25]} 1. e4 e6 2. d4 d5 3. Nc3 Nf6 4. Bg5 Be7 5. e5 Nfd7 6. Bxe7 Qxe7 7. f4 a6 8. Nf3 Nb6 {C14: French: Classical System: 4 Bg5 Be7 main line} 9. Qd2 Bd7 10. a4 {LiveBook: 6 Games} a5 {White is slightly better.} 11. b3 $146 ({Predecessor:} 11. Qe3 Qb4 12. b3 Nc8 13. h3 Ne7 14. g4 c5 15. Kf2 cxd4 16. Nxd4 O-O 17. Bd3 Nbc6 18. Nf3 f6 19. Na2 Qa3 20. Nc3 Qb4 21. Na2 Qa3 22. Nc3 Qb4 {½-½ (22) Spassky,B (2548)-Kortschnoj,V (2567) Elista 2009}) 11... c5 12. dxc5 Qxc5 13. Qd4 Qxd4 14. Nxd4 Nc6 15. Ncb5 {aiming for Nxc6.} O-O 16. O-O-O Nc8 17. Kb2 N8e7 18. Be2 Nb4 19. Nd6 Rab8 20. Rd2 (20. Rhe1 {seems wilder.} Nc8 21. N6b5 Na6 22. Nc3 Ne7 23. h4) 20... Nc8 21. Nxc8 Rbxc8 22. Rc1 Nc6 23. Nb5 Ne7 24. Nd6 Rb8 25. c4 Bc6 26. Bf3 Rbd8 27. cxd5 Nxd5 28. Bxd5 Bxd5 29. Rc7 b6 30. Rdc2 f6 31. Ka3 (31. Ra7 $16 {Rcc7 is the strong threat.} fxe5 32. Rcc7 (32. fxe5 h6 $14) 32... Rxf4 33. Rxg7+ Kf8 34. Rxh7) 31... fxe5 $14 32. fxe5 h5 33. Re7 {[#] Hoping for Rcc7.} Rf4 (33... Kh7 $14) 34. Rcc7 $16 Rg4 35. g3 Rf8 {[#]} 36. Nf7 (36. Ne8 $1 $16) 36... Rb4 $11 37. Kb2 Rxb3+ {Precision: White = 65%, Black = 51%.} 1/2-1/2

[Event "Leiden Chess Tournament"]
[Site "Leiden"]
[Date "2017.07.17"]
[Round "4"]
[White "Vrolijk, Liam"]
[Black "Warmerdam, Max"]
[Result "1-0"]
[WhiteElo "2419"]
[BlackElo "2357"]
[Annotator "TA"]
[PlyCount "51"]
[EventDate "2017.??.??"]
[EventCountry "NED"]
[SourceTitle "playchess.com"]
[Source "ChessBase"]
[SourceQuality "1"]

{[%evp 25,51,43,55,45,56,59,61,50,66,48,76,70,89,100,62,74,47,43,154,173,255,251,290,293,304,301,623,620]} 1. d4 Nf6 2. c4 g6 3. f3 Bg7 4. e4 d6 5. Nc3 O-O 6. Nge2 Nc6 7. Be3 a6 8. Qd2 Rb8 9. Rc1 Bd7 10. Nd1 {E84: King's Indian: Sämisch Panno: 7 Nge2 a6 8 Qd2 Rb8} (10. h4 h5 11. Nd1 e5 12. d5 Ne7 13. Nf2 Nh7 14. c5 f5 15. Qb4 fxe4 16. fxe4 Rf6 17. cxd6 cxd6 {1-0 (37) Kovalenko,I (2667)-Smirin,I (2676) Poikovsky 2016}) 10... b5 11. c5 e6 12. Nf2 Ne7 13. g3 b4 {LiveBook: 13 Games} 14. Nf4 a5 {[#]} 15. Bd3 $146 ({Predecessor:} 15. cxd6 cxd6 16. Be2 Bb5 17. Bxb5 Rxb5 18. b3 Qd7 19. O-O Rbb8 20. Rc2 Rfc8 {½-½ (20) Moreno Ruiz,J (2536)-Vazquez Igarza,R (2572) Madrid 2011}) 15... Bb5 16. O-O e5 17. Ne2 {[%cal Bf4e2,Be2d4,Bd4c6][%mdl 32]} exd4 18. Nxd4 Bxd3 19. Nxd3 Nd7 20. cxd6 cxd6 21. Rfd1 d5 {[#]} (21... Rc8 $14) 22. exd5 $1 $16 {Black must now prevent d6.} Nxd5 (22... Bxd4 $142 23. Bxd4 Nxd5) 23. Nc6 $18 Qf6 24. Nxb8 Rxb8 25. Bf2 Qxf3 $2 {[#]} (25... N5b6 26. Qe2 Qf5) 26. Ne1 $1 {[%csl LRd5,LRf3] Precision: White = 93%, Black = 38%.} 1-0

[Event "Leiden Chess Tournament"]
[Site "Leiden"]
[Date "2017.07.17"]
[Round "4"]
[White "Kuipers, Stefan"]
[Black "Shyam, Sundar M"]
[Result "1-0"]
[WhiteElo "2388"]
[BlackElo "2534"]
[Annotator "TA"]
[PlyCount "79"]
[EventDate "2017.??.??"]
[EventCountry "NED"]
[SourceTitle "playchess.com"]
[Source "ChessBase"]
[SourceQuality "1"]

{[%evp 19,79,34,20,10,13,6,17,-16,-15,-14,0,-36,2,-13,62,68,57,72,70,71,87,46,46,45,55,42,64,31,95,100,93,87,97,93,95,81,152,141,184,177,233,158,192,0,0,0,160,0,0,0,2001,1955,2284,1823,5243,5235,5227,5097,5097,4602,1472,575]} 1. e4 e5 2. Nf3 Nc6 3. Bb5 a6 4. Ba4 Nf6 5. d3 d6 6. c3 g6 7. O-O Bg7 8. Nbd2 O-O 9. Re1 Re8 {C77: Ruy Lopez: 3...a6 4 Ba4 Nf6, unusual lines} 10. h3 h6 {LiveBook: 10 Games} 11. Nf1 b5 {The position is equal.} 12. Bc2 d5 13. Qe2 Be6 {[#]} 14. a4 $146 ({Predecessor:} 14. Ng3 Qd7 15. Rd1 Rad8 16. a4 Qc8 17. Be3 dxe4 18. dxe4 {½-½ (44) Adams,M (2744)-Sokolov,I (2647) Prague 2002}) 14... b4 15. N1d2 Rb8 16. a5 {[#]} b3 $1 {[%mdl 512]} 17. Bxb3 $14 dxe4 18. dxe4 Rxb3 19. Nxb3 Bxb3 20. Ra3 Be6 21. Qxa6 Qa8 22. Qe2 Rb8 23. a6 {[%cal Ba5a6,Ba6a7][%mdl 32]} Ne8 {[#]} (23... Nd7 $14) 24. a7 $1 $16 {[%mdl 512]} Rb7 (24... Nxa7 25. Be3) 25. Be3 $36 {[%cal Bc1e3,Be3c5,Bc5b4][%mdl 2080] Keeping Black busy.} Nd6 26. Qa6 Nd8 27. Rd1 Rxb2 ({Better is} 27... Bc4 28. Qa5 Be2) 28. Bc5 Bc4 29. Qa5 Be2 (29... Nc6 {might work better.} 30. Qxc7 Nxe4) 30. Rd5 Bf8 31. Bb4 ({Worse is} 31. Qxc7 Ne6 $17) 31... Bxf3 32. gxf3 Ne6 {( -> ...Qd8)} 33. Rxd6 $2 (33. Rxe5 $16 Rb1+ 34. Kh2) 33... cxd6 $11 (33... Bxd6 $2 {perishes.} 34. Qd5 $18) 34. Qb6 $1 {[%cal Rb6b8]} Nf4 $2 {[%mdl 8192] [#]} (34... Ng5 $11 35. Qb8 Nxf3+ 36. Kg2 Nh4+ 37. Kg3 Qxe4 38. Qxf8+ Kxf8 39. a8=Q+ Qxa8 40. Rxa8+ Ke7 41. Kxh4 Rxf2) 35. Qb8 $1 $18 {White is clearly winning.} Nxh3+ 36. Kh2 Rxf2+ 37. Kxh3 Rxf3+ 38. Kg2 Qxe4 {[#]} 39. Qxf8+ $1 {[%mdl 512]} Kh7 {[#]} (39... Kxf8 40. a8=Q+) 40. Qh8+ $1 {[%mdl 512] Precision: White = 66%, Black = 45%.} 1-0

[Event "Leiden Chess Tournament"]
[Site "Leiden"]
[Date "2017.07.17"]
[Round "4"]
[White "Visser, Henk-Jan"]
[Black "Sandipan, Chanda"]
[Result "0-1"]
[WhiteElo "2234"]
[BlackElo "2575"]
[Annotator "TA"]
[PlyCount "90"]
[EventDate "2017.??.??"]
[EventCountry "NED"]
[SourceTitle "playchess.com"]
[Source "ChessBase"]
[SourceQuality "1"]

{[%evp 20,89,-5,-11,-11,-29,-10,-20,-3,-17,-6,-7,-7,-7,30,0,0,0,0,-17,0,-26,0,0,0,0,0,0,9,1,6,0,0,0,10,9,16,-27,-34,-60,134,114,175,150,130,56,109,86,87,83,89,20,18,20,21,19,21,-164,-152,-169,-127,-83,-27,-493,-494,-29995,-29996,-29996,-29997,-29997,-29998,-29999]} 1. e4 g6 2. d4 Bg7 3. Nc3 c6 4. Nf3 d6 5. h3 Nf6 6. Be3 O-O 7. a4 d5 8. e5 Ne4 9. Bd3 Nxc3 10. bxc3 c5 11. Qd2 {LiveBook: 4 Games. B08: Pirc Defence: Classical System} (11. h4 Nc6 12. h5 Qa5 13. Bd2 Qc7 14. hxg6 hxg6 15. Qc1 cxd4 16. cxd4 Bg4 17. Bh6 Nb4 18. Qd2 Nxd3+ 19. cxd3 f6 20. Bxg7 Kxg7 21. exf6+ Rxf6 22. Qh6+ Kf7 23. Ne5+ {1-0 (23) Jones,G (2663)-Wall,T (2193) Reading 2017}) 11... c4 12. Bf1 $146 ({Predecessor:} 12. Be2 Nc6 13. Bh6 f6 14. exf6 exf6 15. Bxg7 Kxg7 16. O-O Be6 17. Rfb1 Qd7 18. Nh2 h5 {1-0 (41) Moberg,K (2300)-Alquist,E Stockholm 1992}) 12... f6 13. g4 {The position is equal.} Nc6 {[%cal Rf6e5]} 14. Bg2 Be6 15. O-O Qd7 16. Rab1 h5 17. Nh2 (17. exf6 {seems wilder.} Bxf6 18. Nh2 hxg4 19. hxg4 Rf7 20. Qe2) 17... fxe5 18. dxe5 hxg4 19. hxg4 Nxe5 20. Bh6 Bxh6 21. Qxh6 Rf6 22. Rfe1 Nf7 $1 {[%cal Rf7h6]} (22... Nxg4 $6 23. Nxg4 Bxg4 24. Rb5 $16) 23. Qd2 Rd8 $132 {[%mdl 2048] Black is fighting back} 24. g5 Rf5 25. Ng4 {[%cal Bh2g4,Bg4e3,Be3f1][%mdl 32] Hoping for Qe3.} Kf8 26. f4 b6 27. Qd4 Qc7 28. Rxe6 Rxf4 29. Qd1 {Strongly threatening Qe2.} Qc5+ $2 (29... Qc8 $15 {stays ahead.} 30. Qe2 Nxg5) 30. Ne3 $1 $16 d4 (30... Nxg5 $16 {was called for.} 31. Re5 (31. Rb5 Qa3 $11) 31... Re4 32. Rxe4 Nxe4 33. Qf3+ Kg7) 31. cxd4 $18 Rdxd4 {[#]} 32. Qe2 ({White should try} 32. Qe1 $1 $16 Rd6 33. Rb5 Qxb5 34. axb5 Rxe6 35. Qg3) 32... c3 (32... Qxg5 $14 33. Rb5 Qg3) 33. Rb5 Qa3 {Threatens to win with ...Qc1+.} 34. Nf1 (34. Rxg6 Qa1+ 35. Bf1 Rd2 $19) 34... Qc1 {...Rd2 is the strong threat.} 35. Rd5 (35. Rxe7 $16 Rd1 36. Bh3 (36. Rxa7 Re1 $15)) 35... Rd2 $1 $11 {[%cal Rd2e2]} 36. Qe1 Qxe1 37. Rxe1 Rxc2 38. Be4 $2 (38. Ne3 $11 {and White is okay.} Ra2 39. Rd3) 38... Rg4+ $19 39. Kh1 Rf2 {White must now prevent ...Rxe4!} 40. Bxg6 {[#]} Nxg5 ({Better is} 40... e6 $1 $17 {[%cal Re6d5]} 41. Ne3 Rg3) 41. Rd8+ $2 {[%mdl 8192]} (41. Ne3 $11 Rh4+ 42. Kg1 Nh3+ 43. Kh1 Nf4+ 44. Kg1 Nh3+ 45. Kh1) 41... Kg7 {( -> ...Rh4+)} 42. Be8 (42. Rxe7+ $19 Kxg6 43. Ne3) 42... Rh4+ {Black mates.} 43. Kg1 Nh3+ 44. Kh1 Nf4+ 45. Kg1 Rg2# {Precision: White = 44%, Black = 37%.} 0-1

[Event "Leiden Chess Tournament"]
[Site "Leiden"]
[Date "2017.07.17"]
[Round "4"]
[White "Den Hartog, Marijn"]
[Black "Pijpers, Arthur"]
[Result "0-1"]
[WhiteElo "2220"]
[BlackElo "2457"]
[Annotator "TA"]
[PlyCount "50"]
[EventDate "2017.??.??"]
[EventCountry "NED"]
[SourceTitle "playchess.com"]
[Source "ChessBase"]
[SourceQuality "1"]

{[%evp 23,50,25,28,-31,-39,-39,-45,-70,-69,-72,-63,-83,-77,-172,-165,-195,-135,-279,-276,-317,-309,-408,-391,-670,-676,-878,-929,-1297,-1252]} 1. e4 c5 2. Nf3 Nc6 3. d4 cxd4 4. Nxd4 Nf6 5. Nc3 d6 6. Bg5 e6 7. Qd2 Qb6 8. Nb3 a6 9. O-O-O Be7 10. f3 O-O 11. g4 Qc7 {B63: Sicilian: Richter-Rauzer: 7...Be7 and unusual Black 7th moves} 12. h4 b5 {[%cal Bb7b5,Bb5b4][%mdl 32] LiveBook: 8 Games} 13. Kb1 $146 ({White should play} 13. Bxf6 $11 Bxf6 14. Qxd6 Qxd6 15. Rxd6) ({Predecessor:} 13. Be3 Ne5 14. Qf2 Nfd7 15. Kb1 b4 16. Ne2 Bb7 17. Ng3 Rac8 18. g5 f5 19. exf5 exf5 {1-0 (84) Amonatov,F (2634)-Yakovich,Y (2567) St Petersburg 2008}) 13... Ne5 $15 {Black is slightly better.} 14. Rh3 b4 15. Ne2 d5 16. exd5 Nxd5 17. Bxe7 Qxe7 18. f4 (18. Nf4 $17) 18... Nxg4 $19 {Hoping for ...Nf2.} 19. Ned4 Bb7 (19... a5 $19 20. Nb5 Ba6) 20. Bd3 (20. Na5 $17) 20... a5 {[%cal Ba6a5,Ba5a4,Ba4a3][%mdl 32]} 21. Rg3 h5 (21... Qxh4 22. Rdg1 $15) 22. Re1 a4 23. Nf5 $2 {[#]} (23. Nc1) 23... Qf6 {Black is clearly winning.} 24. Nc5 exf5 25. Nxb7 a3 0-1

[Event "Leiden Chess Tournament"]
[Site "Leiden"]
[Date "2017.07.17"]
[Round "4"]
[White "Caglar, Sila"]
[Black "Pruijssers, Roeland"]
[Result "1-0"]
[WhiteElo "1976"]
[BlackElo "2508"]
[Annotator "TA"]
[PlyCount "72"]
[EventDate "2017.??.??"]
[EventCountry "NED"]
[SourceTitle "playchess.com"]
[Source "ChessBase"]
[SourceQuality "1"]

{[%evp 16,72,0,0,0,0,-2,-2,19,0,0,0,2,0,0,-17,-13,-28,-25,-43,-53,-55,-55,-58,-49,-58,-54,-62,-64,-69,-50,-51,-41,-64,-16,-20,95,-6,133,154,141,115,269,251,499,493,475,468,885,885,885,871,853,851,1026,1026,29984,29983,29983]} 1. e4 d6 2. d4 g6 3. Nc3 Bg7 4. Nf3 c6 5. a4 Nf6 6. Bc4 O-O 7. O-O d5 8. exd5 cxd5 9. Bb3 {LiveBook: 3 Games} Nc6 {B08: Pirc Defence: Classical System} 10. h3 e6 (10... Bf5 11. Ne2 Rc8 12. c3 Qb6 13. Ba2 Rfd8 14. Nf4 h6 15. Re1 g5 16. Nd3 Ne4 {1-0 (29) Minasian,A (2620)-Kazhgaleyev,M (2550) Linares 1999}) 11. Re1 Qb6 {The position is equal.} 12. Rb1 $146 ({Predecessor:} 12. Qd3 a6 13. Bf4 Bd7 14. Qd2 Na5 15. Ba2 Rac8 16. Ne5 Be8 {0-1 (41) Rolland,P-Tringov,G Bordeaux 1964}) 12... Bd7 13. Bg5 h6 14. Bf4 Rfc8 15. Ne5 Be8 16. Nxc6 bxc6 17. Qd2 Kh7 18. Be5 Nd7 19. Bxg7 Kxg7 20. Rbd1 a5 21. h4 h5 22. Ne2 Qd8 23. g3 c5 24. c4 dxc4 (24... Qb6 $5 {[%cal Rb6b3]} 25. Ba2 dxc4 $15) 25. Bxc4 Nb6 {[#]} (25... cxd4 $11 26. Bb5 (26. Qxd4+ Qf6 $15) 26... Qf6) 26. Bb5 (26. Bxe6 $1 $16 fxe6 27. Nf4) 26... Nxa4 (26... Bxb5 $11 27. axb5 Ra7) 27. Bxe8 $16 Qxe8 28. Nf4 {Threatens to win with b3.} Rd8 $2 {[#]} (28... Qe7 $16) 29. d5 $1 $18 Rab8 $2 {[#]} (29... Kg8 {was worth a try.} 30. b3 Nb6) 30. Nxh5+ $1 {[%mdl 512]} gxh5 31. Qg5+ Kf8 (31... Kh7 $142 32. Qxh5+ Kg7) 32. dxe6 fxe6 33. Qf6+ Kg8 34. Rxd8 Rxd8 35. Rxe6 Qf8 36. Qg5+ Kh7 {Precision: White = 55%, Black = 33%.} 1-0

[Event "Leiden Chess Tournament"]
[Site "Leiden"]
[Date "2017.07.17"]
[Round "4"]
[White "Van Deutekom, Yde"]
[Black "Hilarius, Sander"]
[Result "1-0"]
[WhiteElo "1858"]
[BlackElo "1941"]
[Annotator "NA RC"]
[PlyCount "71"]
[EventDate "2017.??.??"]
[EventCountry "NED"]
[SourceTitle "playchess.com"]
[Source "ChessBase"]
[SourceQuality "1"]
[TimeControl "40/5400+30:1800+30"]

1. d4 d5 2. c4 c6 3. Nf3 Nf6 4. Nc3 dxc4 5. a4 Bf5 6. Ne5 Nbd7 7. Nxc4 Qc7 8. g3 e5 9. dxe5 Nxe5 10. Bf4 Nfd7 11. Nxe5 Nxe5 12. Qb3 $146 {D17: Slav Defence: 5 a4 Bf5: Lines with 6 Nh4 and 6 Ne5} ({Predecessor:} 12. Qd4 f6 13. Bg2 Qa5 14. Bxe5 fxe5 15. Qe3 Qc5 16. Qg5 Bg6 17. Be4 Bxe4 18. Nxe4 Qb4+ 19. Nc3 Qe7 {½-½ (48) Genov,P (2498)-Ponomariov,R (2710) Bilbao 2004}) 12... Bd6 13. Bg2 O-O (13... Qe7 $5 {[%cal Re5d3]}) 14. O-O Be6 15. Qc2 Nc4 16. Bxd6 Qxd6 17. a5 (17. Ne4 $5 {[%cal Re4d6]} Qe7 18. b3 $11) 17... a6 18. Ne4 Qe5 19. b4 Rfd8 20. Rfd1 Bd5 21. Nc5 Bxg2 (21... Qe7 $16) 22. Kxg2 Nd6 {[#]} 23. Ra3 $1 Re8 24. Re3 $18 Qf6 25. Rxe8+ Rxe8 26. Qd3 Nb5 27. Qd7 Qe5 28. Rd3 Rf8 29. Re3 Qb2 30. Nd3 Qa2 31. Qxb7 Nd4 32. Qxa6 Nxe2 33. Qxc6 h5 34. Qe4 Nc3 35. Qe5 h4 36. Qxc3 1-0

[Event "Leiden Chess Tournament"]
[Site "Leiden"]
[Date "2017.07.17"]
[Round "4"]
[White "Coiffait, Casimir"]
[Black "Van Ginkel, Henk"]
[Result "1-0"]
[WhiteElo "1853"]
[BlackElo "1846"]
[Annotator "NA RC"]
[PlyCount "35"]
[EventDate "2017.??.??"]
[EventCountry "NED"]
[SourceTitle "playchess.com"]
[Source "ChessBase"]
[SourceQuality "1"]
[TimeControl "40/5400+30:1800+30"]

1. e4 d6 2. d4 Nf6 3. Nc3 g6 4. f3 c6 5. Be3 b5 6. Qd2 Nbd7 7. O-O-O Qa5 8. Kb1 Bb7 9. g4 Nb6 10. Nd5 Qxd2 11. Nxf6+ exf6 12. Bxd2 O-O-O $14 13. Nh3 Nc4 14. Bxc4 bxc4 15. Ba5 Rd7 16. Rhe1 d5 17. exd5 cxd5 18. Re8+ 1-0

[Event "Leiden Chess Tournament"]
[Site "Leiden"]
[Date "2017.07.18"]
[Round "5"]
[White "Sandipan, Chanda"]
[Black "De Rover, Yong Hoon"]
[Result "1-0"]
[WhiteElo "2575"]
[BlackElo "2385"]
[Annotator "TA"]
[PlyCount "47"]
[EventDate "2017.??.??"]
[EventCountry "NED"]
[SourceTitle "playchess.com"]
[Source "ChessBase"]
[SourceQuality "1"]

{[%evp 23,47,29,37,34,28,37,29,31,43,0,0,-49,-62,-57,-65,-72,-8,-6,0,0,447,417,616,616,595,572]} 1. c4 c5 2. g3 g6 3. Bg2 Bg7 4. Nf3 Nf6 5. Nc3 O-O 6. O-O Nc6 7. d4 cxd4 8. Nxd4 d6 9. Nxc6 bxc6 10. Bxc6 Rb8 11. Bg2 Qa5 12. Nb5 Bb7 13. Bxb7 {E65: King's Indian: Fianchetto: 6...c5 7 0-0 without d5 by White} Rxb7 14. Bd2 Qa6 15. Bc3 {White has an edge.} Rc8 16. Na3 (16. b3 d5 17. Bxf6 Bxf6 18. Qxd5 Bxa1 19. Rxa1 Rbb8 20. Qe5 Qa5 21. Qxe7 {½-½ (137) Erdos,V (2621)-Navara,D (2718) Bol 2014}) 16... d5 17. cxd5 $146 ({Predecessor:} 17. Qc2 dxc4 18. Rfd1 Qe6 19. Rac1 Bh6 20. Bd2 Bg7 {0-1 (33) Dizdar,G (2470)-Sermek,D (2440) Pula 1991}) 17... Rxc3 $1 18. bxc3 {[#] Strongly threatening Rb1.} Qxa3 19. Qd3 Qc5 ({Black should play} 19... Nd7 $17) 20. Rab1 $11 Rxb1 21. Rxb1 Nxd5 $2 {[%mdl 8192] [#]} (21... h5 $11 {and Black is okay.}) 22. Rb5 $18 Qxc3 (22... Qc6 $142 23. Qxd5 Qxd5 24. Rxd5 Bxc3) 23. Rb8+ Bf8 24. Qxd5 1-0